Т. 66. Вып. 3; Известия государственного географического общества

Xehetasun bibliografikoak
Parent link:Известия государственного географического общества/ Географическое общество Союза ССР. Т. 66. Вып. 3.— , 1925-1940
Beste egile batzuk: Комаров В. Л. Владимир Леонтьевич (редактор), Соколов Н. Н. Николай Николаевич
Hizkuntza:errusiera
Argitaratua: 1934
Gaiak:
Formatua: MixedMaterials Liburua
KOHA link:https://koha.lib.tpu.ru/cgi-bin/koha/opac-detail.pl?biblionumber=328557

MARC

LEADER 00000nam2a2200000 4500
001 328557
005 20231102004055.0
035 |a (RuTPU)RU\TPU\book\354257 
035 |a RU\TPU\book\354255 
090 |a 328557 
100 |a 20170220d1934 k y0rusy50 ca 
101 0 |a rus 
102 |a RU 
105 |a a z 001zy 
200 0 |a Т. 66. Вып. 3  |f под ред. В. Л. Комарова ; Н. Н. Соколова 
210 |d 1934 
215 |a С. 337-484  |c ил. 
320 |a Библиогр. в конце ст. 
461 1 |0 (RuTPU)RU\TPU\book\351032  |t Известия государственного географического общества  |f Географическое общество Союза ССР  |v Т. 66. Вып. 3  |d 1925-1940 
606 1 |a География  |2 stltpush  |3 (RuTPU)RU\TPU\subj\5918  |9 33902 
610 1 |a геоморфология 
610 1 |a гидрология 
610 1 |a микрорельефы 
610 1 |a ледниковые образования 
610 1 |a девон 
610 1 |a палеогеография 
610 1 |a вечная мерзлота 
610 1 |a четвертичные отложения 
610 1 |a Русская равнина 
610 1 |a ледники 
610 1 |a географические ландшафты 
610 1 |a библиотека М. А. Усова 
675 |a 91  |v 4 
702 1 |a Комаров  |b В. Л.  |c российский ученый, ботаник  |c академик РАН  |c президент АН СССР (с 1936 г.)  |f 1869-1945  |g Владимир Леонтьевич  |2 stltpush  |3 (RuTPU)RU\TPU\pers\17660  |4 340  |9 6545 
702 1 |a Соколов  |b Н. Н.  |c русский химик  |c профессор Новороссийского университета (с 1865)  |f 1826-1877  |g Николай Николаевич  |2 stltpush  |3 (RuTPU)RU\TPU\pers\28665  |4 340  |9 13481 
801 1 |a RU  |b 63413507  |c 20170220 
801 2 |a RU  |b 63413507  |c 20170310  |g RCR 
942 |c BK